Normal view
MARC view
- المذاهب الفقهية
Entry Topical Term
001 - CONTROL NUMBER
- control field: 19365
003 - CONTROL NUMBER IDENTIFIER
- control field: JO-AjAnu
005 - DATE AND TIME OF LATEST TRANSACTION
- control field: 20230606073402.0
008 - FIXED-LENGTH DATA ELEMENTS
- fixed length control field: 230606|| aca||aabn | a|a d
040 ## - CATALOGING SOURCE
- Original cataloging agency: JO-AjAnu
- Transcribing agency: JO-AjAnu
150 ## - HEADING--TOPICAL TERM
- Topical term or geographic name entry element: المذاهب الفقهية
670 ## - SOURCE DATA FOUND
- Source citation: Work cat.: (JO-AjAnu)9942: الخياط،عبد العزيز , author 19364, نظرية العرف